[Event "Sterlitamak-ch U19"]
[Site "Sterlitamak"]
[Date "2016.04.27"]
[Round "7.2"]
[White "Suleimanov, Rafis"]
[Black "Savinov, Danil"]
[Result "1/2-1/2"]
[WhiteElo "1035"]
[BlackElo "1493"]
[PlyCount "47"]
[EventDate "2016.04.11"]
[EventType "swiss"]
[EventRounds "9"]
[EventCountry "RUS"]
[SourceTitle "EXT 2022"]
[Source "ChessBase"]
[SourceDate "2021.10.06"]
[SourceVersion "1"]
[SourceVersionDate "2021.10.06"]
[SourceQuality "1"]

1. e4 c6 2. d4 d5 3. exd5 cxd5 4. Bd3 Nf6 5. c3 Bg4 6. Ne2 e6 7. h3 Bh5 8. 0-0 Be7 9. Nd2 0-0 10. f4 Bxe2 11. Qxe2 Nbd7 12. Nf3 a6 13. Bd2 b5 14. Ne5 Qb6 15. Rf3 b4 16. Rg3 bxc3 17. bxc3 a5 18. Nxd7 Nxd7 19. Bxh7+ Kxh7 20. Qh5+ Kg8 21. Rxg7+ Kxg7 22. Qg4+ Kh7 23. Qh5+ Kg7 24. Qg4+ 1/2-1/2